Language Quiz

Random Language or Letter Quiz

25 Ways Not To Be 'Sane' Quiz Stats

 Plays Quiz Updated Feb 22, 2020

Support Sporcle.
Go Orange.
Score 0/28 Timer 02:00
5 Plays Today
% Correct
Lane
96.8%
Bane
96.7%
Cane
96.6%
Mane
96.2%
Sine
95.3%
Pane
95.1%
Sone
93.1%
Wane
92.4%
Sene
91%
Fane
90.3%
Same
89.3%
Gane
89%
Sale
88.9%
Kane
88.5%
% Correct
Jane
88%
Sate
86.5%
Vane
86.5%
Safe
86.3%
Sage
86%
Sade
85.7%
Syne
84.3%
Sake
84.1%
Sabe
82.4%
Save
79.8%
Sand
77.9%
Sang
74.2%
Sank
70.5%
Sans
67.4%

From the Vault

Remove Ads.
Support Sporcle.
Get the best of Sporcle when you Go Orange. This ad-free experience offers more features, more stats, and more fun while also helping to support Sporcle. Thank you for becoming a member.

Show Comments

Extras

Top Quizzes Today


Score Distribution

Your Account Isn't Verified!

In order to create a playlist on Sporcle, you need to verify the email address you used during registration. Go to your Sporcle Settings to finish the process.

Report this User

Report this user for behavior that violates our Community Guidelines.

Details: